000 00476nam a22001337a 4500
008 171106b xxu||||| |||| 00| 0 eng d
022 _a1073-5836
082 _22005
_aDPer 510.705
_bT22.
245 _aTeaching children mathematics.
260 _aVirginia :
_bSociety of National Association Pub.,
_cMar-Nov. 2005 v. 11-12.
300 _a1(various paging):
_bcolor illustrations;
_c27 cm.
650 0 _923115
_aMathematics -- Study and teaching -- Periodicals.
942 _2ddc
_cPER
999 _c7673
_d7673